Przyporządkuj powiat województwa lubuskiego do rejestracji - Statystyki

Ogólne statystyki
  • Ten quiz został rozwiązany 23 razy
  • Średni wynik to 10 z 14
Odpowiedzi na mapie
Odpowiedzi zakodowano w zielono-czerwonej skali na mapie do tego quizu, zgodnie z poniższymi procentami.
 
Statystyki odpowiedzi
Odpowiedź % Poprawnych
FZI
89%
FG
83%
FGW
83%
FSW
83%
FZ
83%
FMI
78%
FZA
78%
FKR
72%
FWS
72%
FNW
61%
FSL
61%
FSU
61%
FZG
56%
FSD
50%
Nie znaleziono quizów pasujących do podanych kryteriów
Rozkład punktacji
Procent ludzi z każdym wynikiem
Percentyl według liczby udzielonych odpowiedzi
Twoja historia wyników
Nie rozwiązałeś tego quizu